| 000 -LEADER |
| fixed length control field |
00956nam a22002057a 4500 |
| 001 - CONTROL NUMBER |
| control field |
8366 |
| 003 - CONTROL NUMBER IDENTIFIER |
| control field |
BD-DhUAP |
| 005 - DATE AND TIME OF LATEST TRANSACTION |
| control field |
20210121164051.0 |
| 008 - FIXED-LENGTH DATA ELEMENTS--GENERAL INFORMATION |
| fixed length control field |
200209r20032002bg ||||| |||| 00| 0 eng d |
| 040 ## - CATALOGING SOURCE |
| Original cataloging agency |
BD-DhUAP |
| Language of cataloging |
Bangla |
| Transcribing agency |
BD-DhUAP |
| Modifying agency |
BD-DhUAP |
| 082 ## - DEWEY DECIMAL CLASSIFICATION NUMBER |
| Edition number |
23 |
| Classification number |
346.5492066 RAH |
| 100 ## - MAIN ENTRY--PERSONAL NAME |
| Personal name |
রহমান, মোঃ মাহবুবুর । |
| 245 ## - TITLE STATEMENT |
| Title |
কোম্পানী আইন, ১৯৯৪ = The companies act, 1994 / |
| Statement of responsibility, etc. |
মোঃ মাহবুবুর রহমান ; এ কে এম তোফাজ্জল হোসেন কর্তৃক সম্পাদিত। |
| 260 ## - PUBLICATION, DISTRIBUTION, ETC. |
| Place of publication, distribution, etc. |
ঢাকা : |
| Name of publisher, distributor, etc. |
সামছ পাবলিকেশন্স, |
| Date of publication, distribution, etc. |
c২০০২ [মুদ্রণ ২০০৩]। |
| 300 ## - PHYSICAL DESCRIPTION |
| Extent |
৪৯৫ পৃষ্ঠা ; |
| Dimensions |
২৩ সেমি.। |
| 600 ## - SUBJECT ADDED ENTRY--PERSONAL NAME |
| Source of heading or term |
|
| 650 ## - SUBJECT ADDED ENTRY--TOPICAL TERM |
| Topical term or geographic name entry element |
Companies Act |
| Geographic subdivision |
Bangladesh. |
| 700 ## - ADDED ENTRY--PERSONAL NAME |
| Personal name |
হোসেন, এ কে এম তোফাজ্জল। |
| 942 ## - ADDED ENTRY ELEMENTS (KOHA) |
| Source of classification or shelving scheme |
|
| Koha item type |
Book |